000 00735nam a22002297a 4500
999 _c11607
_d11607
003 AR-CdUCM
008 190404b ||||| |||| 00| 0 spa d
040 _aMUNICIPALIDAD PROVINCIAL DEL CUSCO
_cBIBLIOTECA MUNICIPAL DEL CUSCO
041 _hgw
082 _a335 / 1949 /
_bR83
100 _aRopke, Wilhelm
_929054
245 _aLa crisis del colectivismo /
260 _aBuenos Aires :
_bEmecé editores,
_c1949.
300 _a71 páginas ;
_c18 cm.
440 _aCuadernos de grandes ensayistas
_929055
505 _aContenido: Colectivismo en Europa.
650 _aColectivismo europeo
_929056
650 _aCiencias sociales
_91096
650 _aEconomía europea
_929057
942 _2ddc
_cLIBROS
945 _adavv
_d04/04/2019